[Event "FIDE Zonal 2.5"]
[Site "Villa Martelli-Vicente Lopez"]
[Date "2017.05.01"]
[Round "2"]
[White "Arias, Juan Cruz"]
[Black "Vasquez Schroeder, Rodrigo"]
[Result "0-1"]
[WhiteElo "2254"]
[BlackElo "2554"]
[Annotator "TA"]
[PlyCount "46"]
[EventDate "2017.??.??"]
[EventType "swiss"]
[EventCountry "ARG"]
[SourceTitle "playchess.com"]
[Source "ChessBase"]
[SourceQuality "1"]

{[%evp 16,46,26,-17,-19,-28,-25,-29,-28,-33,-30,-36,-33,-27,-36,-35,-25,-98,-61,-146,-130,-136,-143,-256,-265,-312,-318,-325,-320,-393,-393,-369,-356]} 1. e4 c5 2. Nc3 d6 3. g3 Nc6 4. Bg2 g6 5. d3 Bg7 6. f4 b6 7. Nf3 Bb7 8. O-O Qd7 9. Be3 Nh6 {B25: Closed Sicilian: 3 g3, lines without early Be3} (9... f5 10. d4 Nf6 11. d5 Nb4 12. Bh3 O-O 13. Ng5 h5 14. a3 Na6 15. Ne6 Ng4 16. Bxg4 hxg4 17. exf5 gxf5 {½-½ (45) Larino Nieto,D (2464)-Cheparinov,I (2678) Zafra 2009}) 10. h3 f5 11. Qd2 O-O {Black has an edge.} 12. Rae1 Rae8 13. Ng5 e6 $146 ({Predecessor:} 13... Nd4 14. Nd1 e6 15. c3 Nc6 16. Bf2 fxe4 17. Bxe4 {½-½ (31) Angers,G (1997)-Panjwani,R (2222) Kitchener 2006}) 14. Nd1 Nf7 15. Nxf7 Rxf7 16. g4 (16. exf5 $11 Rxf5 17. c3) 16... d5 17. c4 ({White should try} 17. gxf5 $15 gxf5 18. exd5 exd5 19. Bf2 Rxe1 20. Rxe1) 17... fxe4 18. dxe4 dxc4 19. Qc1 (19. e5 $17) 19... Nb4 $19 {[%cal Bc6b4,Bb4d3,Bd3f4,Bf4e2][%mdl 32]} 20. Qxc4 Ba6 21. Qb3 Nd3 22. Re2 Nxf4 ({Don't take} 22... Nc1 23. Bxc1 Bxe2 24. Re1 $19) 23. Rd2 Ne2+ {Precision: White = 34%, Black = 77%.} 0-1

[Event "FIDE Zonal 2.5"]
[Site "Villa Martelli-Vicente Lopez"]
[Date "2017.05.01"]
[Round "2"]
[White "Martinez, Ayelen"]
[Black "Krysa, Leandro"]
[Result "1/2-1/2"]
[WhiteElo "2247"]
[BlackElo "2518"]
[Annotator "TA"]
[PlyCount "74"]
[EventDate "2017.??.??"]
[EventType "swiss"]
[EventCountry "ARG"]
[SourceTitle "playchess.com"]
[Source "ChessBase"]
[SourceQuality "1"]

{[%evp 16,74,18,-2,30,0,40,6,12,7,14,8,8,0,25,-12,21,15,8,19,6,-20,-14,-12,-29,-27,0,0,18,-29,-9,0,1,-56,-54,-56,-60,-80,-53,-78,-77,-70,-60,-88,-80,-100,-78,-79,0,0,0,0,0,0,0,0,0,0,0,0,0]} 1. e4 e5 2. Nf3 Nc6 3. Bb5 a6 4. Ba4 Nf6 5. O-O Be7 6. d3 b5 7. Bb3 d6 8. a3 O-O 9. Nc3 {LiveBook: 399 Games} Qe8 $146 {C77: Ruy Lopez: 3...a6 4 Ba4 Nf6, unusual lines} (9... Na5 10. Ba2 Be6 11. b4 Bxa2 12. Rxa2 Nc6 13. Bg5 Nd7 14. Be3 Nf6 15. Bg5 Nd7 16. Be3 Nf6 17. Qb1 {½-½ (51) Vachier Lagrave,M (2796)-Mamedyarov,S (2766) Sharjah 2017}) 10. Re1 Rb8 11. Bd2 Bg4 12. h3 Bxf3 13. Qxf3 Nd4 14. Qg3 Kh8 15. Rac1 Nxb3 (15... b4 $5 {looks sharper.} 16. axb4 Rxb4 17. Nd5 Rb7 18. Nxf6 Bxf6 19. Bd5 Rxb2 20. Bc3 Rb6) 16. cxb3 b4 17. axb4 Rxb4 18. Nd5 Nxd5 19. exd5 Rxb3 20. Rxc7 Rxb2 21. Bc3 Bd8 22. Rc8 Rb5 23. Ra1 h6 24. d4 ({But not} 24. Rxa6 $2 Bh4 $1 {[%mdl 512]} 25. Qxh4 Qxc8 $19) (24. Qg4 $11) 24... Qd7 $36 {[%mdl 2048] Black has some pressure.} 25. Ra8 Qb7 $1 {[%cal Rb7a8]} 26. R1xa6 Qxd5 27. dxe5 dxe5 28. Kh2 Be7 29. Rxf8+ Bxf8 30. Qg4 Qb7 31. Qa4 {[#] Ra8 is the strong threat.} Rc5 (31... Kh7 $1 $17) 32. Ra7 $11 {The position is equal.} Qc6 33. Qxc6 $1 Rxc6 34. Ra8 Rxc3 35. Rxf8+ Kh7 36. Rxf7 Kg6 37. Ra7 h5 {Precision: White = 79%, Black = 58%.} 1/2-1/2

[Event "FIDE Zonal 2.5"]
[Site "Villa Martelli-Vicente Lopez"]
[Date "2017.04.30"]
[Round "2"]
[White "Balzano, Ivan"]
[Black "Peralta, Fernando"]
[Result "*"]
[WhiteElo "2151"]
[BlackElo "2571"]
[Annotator "TA"]
[PlyCount "32"]
[EventDate "2017.??.??"]
[EventType "swiss"]
[EventCountry "ARG"]
[SourceTitle "playchess.com"]
[Source "ChessBase"]
[SourceQuality "1"]

{[%evp 13,14,11,6]} 1. c4 Nf6 2. g3 g6 3. Bg2 Bg7 4. Nc3 O-O 5. e3 d6 6. Nge2 e5 7. O-O Re8 {LiveBook: 75 Games} {Predecessor (50):} 8. d3 $146 c6 9. b4 d5 10. cxd5 cxd5 11. Bb2 Nc6 12. b5 Na5 13. Qd2 Bh6 14. f4 e4 15. Rad1 exd3 16. Qxd3 Nc4 {0-1 (69) Gholami,A (2429)-Adhiban,B (2663) Dubai 2016} *

[Event "FIDE Zonal 2.5"]
[Site "Villa Martelli-Vicente Lopez"]
[Date "2017.04.30"]
[Round "2"]
[White "Villca, Julian"]
[Black "Morovic Fernandez, Ivan"]
[Result "*"]
[WhiteElo "2137"]
[BlackElo "2535"]
[Annotator "TA"]
[PlyCount "34"]
[EventDate "2017.??.??"]
[EventType "swiss"]
[EventCountry "ARG"]
[SourceTitle "playchess.com"]
[Source "ChessBase"]
[SourceQuality "1"]

{[%evp 17,21,25,28,22,37,32]} 1. d4 Nf6 2. c4 e6 3. Nc3 d5 4. cxd5 exd5 5. Bg5 Be7 6. e3 c6 7. Bd3 Nbd7 8. Nge2 Nh5 9. Bxe7 Qxe7 10. Qd2 {D35: Queen's Gambit Declined: Exchange Variation} g6 (10... Nb6 11. f3 g6 12. O-O O-O 13. Rae1 Be6 14. e4 dxe4 15. fxe4 Rad8 16. b3 Bg4 17. Qe3 f6 {1-0 (39) Ding,L (2782)-Inarkiev,E (2660) Baku 2015}) 11. f3 {Predecessor:} Ndf6 $146 12. O-O-O Be6 13. g4 Ng7 14. h4 h5 15. g5 Nd7 16. e4 Nb6 17. Ng3 O-O-O {1-0 (63) Wehmeier,S (2394)-Kalka,A (2407) Germany 2006} *

[Event "FIDE Zonal 2.5"]
[Site "Villa Martelli-Vicente Lopez"]
[Date "2017.05.02"]
[Round "3"]
[White "Mareco, Sandro"]
[Black "Bitelmajer, Martin"]
[Result "1-0"]
[WhiteElo "2655"]
[BlackElo "2440"]
[Annotator "TA"]
[PlyCount "123"]
[EventDate "2017.??.??"]
[EventType "swiss"]
[EventCountry "ARG"]
[SourceTitle "playchess.com"]
[Source "ChessBase"]
[SourceQuality "1"]

{[%evp 27,123,36,70,28,45,5,37,35,41,34,34,37,33,25,31,20,0,0,0,-3,14,10,18,-19,-27,-33,-10,0,0,0,0,-48,-44,-70,0,0,0,0,65,19,19,19,19,19,50,19,27,24,80,19,68,56,111,108,124,74,102,0,94,74,87,86,107,112,112,104,187,83,179,127,179,171,238,238,237,237,222,218,595,575,879,842,780,740,1207,1093,29984,29985,29987,29988,29988,29989,29989,29990,29991,29983,29983,29983]} 1. d4 Nf6 2. c4 e6 3. Nf3 c5 4. d5 exd5 5. cxd5 d6 6. Nc3 g6 7. Bf4 a6 8. a4 Bg7 9. h3 O-O 10. e3 Qe7 {A61: Modern Benoni: Nf3 without early e4} (10... Re8 11. Bd3 Nh5 12. Bh2 Nd7 13. Be2 f5 14. O-O Bf8 15. Rb1 Nhf6 16. Ng5 Ne5 17. b4 b6 18. Qb3 {½-½ (30) Gelfand,B (2740)-Iordachescu,V (2581) Civitanova Marche 2016}) 11. Be2 Nbd7 12. O-O Ne8 13. Nd2 Rb8 14. Re1 f5 {LiveBook: 6 Games} 15. Bf1 Ne5 16. Bh2 Bd7 $146 ({Predecessor (4):} 16... Nf6 17. a5 Bd7 18. Qb3 {½-½ (62) Tregubov,P (2616)-Piscopo,P (2409) Grosseto Prugna 2014}) 17. a5 Qd8 18. Qb3 b5 19. axb6 $1 Rxb6 20. Qc2 Bb5 21. Nxb5 axb5 22. Ra5 Nc7 23. Nb1 {[%cal Bd2b1,Bb1c3,Bc3a4][%mdl 32]} Kh8 24. Nc3 {[%cal Rc3b5]} b4 25. Na4 Rb7 26. Rd1 Ne8 (26... Nxd5 27. Nxc5 dxc5 28. Qxc5 $16) 27. Ra6 $1 Nc7 (27... Nf7 {feels hotter.} 28. Kh1 Be5 29. Bg1 Qe7 30. Rc6 Bf6) 28. Rc6 Ne8 29. Bxe5 Bxe5 30. b3 Nc7 (30... f4 $15 31. e4 f3) 31. Nb2 $11 Bxb2 32. Qxb2+ Qf6 (32... Kg8 $11) 33. Qa1 Qxa1 34. Rxa1 Rd8 35. Bc4 Kg7 36. Kf1 Kf6 37. Ke2 Ke7 (37... h5 $11) 38. Kd3 (38. g4 $16) 38... Kd7 39. g4 Rf8 (39... Ne8 $14) 40. f4 $16 Rf7 41. Ra2 Rf8 42. Ra1 Rf7 $1 43. e4 fxe4+ 44. Kxe4 Re7+ 45. Kf3 Rf7 46. h4 $1 Rf8 (46... Ke7 $16) 47. Ra2 (47. g5 $1 $18 {is the precise move to win.}) 47... Rf7 {[#]} (47... h6 $16) 48. g5 $1 $18 Rf5 {[#]} (48... Rf8 $16) 49. Ke4 $1 h5 (49... Rf8 {was worth a try.}) 50. gxh6 Rh5 51. Rg2 Rxh6 52. h5 $1 gxh5 $2 (52... Rxh5 {is more resistant.} 53. Rxg6 Ne8) 53. Rg7+ Kd8 54. Kf5 h4 55. Kg5 h3 56. Kxh6 h2 57. Rxd6+ {White mates.} Ke8 58. Be2 ({Inferior is} 58. Rg8+ Ke7 59. Rdg6 h1=Q+ $11) 58... h1=Q+ 59. Bh5+ Qxh5+ 60. Kxh5 c4 61. Kg6 cxb3 62. Kf6 {Precision: White = 70%, Black = 32%.} 1-0

[Event "FIDE Zonal 2.5"]
[Site "Villa Martelli-Vicente Lopez"]
[Date "2017.05.02"]
[Round "3"]
[White "Vasquez Schroeder, Rodrigo"]
[Black "Dolezal, Cristian"]
[Result "1/2-1/2"]
[WhiteElo "2554"]
[BlackElo "2401"]
[Annotator "TA"]
[PlyCount "118"]
[EventDate "2017.??.??"]
[EventType "swiss"]
[EventCountry "ARG"]
[SourceTitle "playchess.com"]
[Source "ChessBase"]
[SourceQuality "1"]

{[%evp 30,118,43,49,66,52,63,51,56,32,84,75,73,73,75,85,80,73,69,55,67,34,47,29,30,11,10,18,40,37,41,40,39,14,14,12,12,12,12,13,12,13,13,0,0,8,26,26,26,26,26,10,10,5,26,10,26,24,20,17,17,0,0,0,0,0,0,0,0,0,0,0,0,0,0,0,8,8,8,8,8,8,8,8,8,8,8,0,0,0,0]} 1. e4 c5 2. Nf3 Nc6 3. d4 cxd4 4. Nxd4 g6 5. c4 Nf6 6. Nc3 Nxd4 7. Qxd4 d6 8. Be3 Bg7 9. f3 O-O 10. Qd2 Be6 11. Rc1 Qa5 12. Be2 Rfc8 13. b3 a6 14. Na4 Qxd2+ 15. Kxd2 Nd7 16. g4 Rc6 {B36: Sicilian: Maroczy Bind: Gurgenidze System} (16... f5 17. exf5 gxf5 18. h3 Rf8 19. f4 Rad8 20. g5 Bf7 21. Rhd1 e5 22. Ke1 exf4 23. Bxf4 Be5 24. Bxe5 Nxe5 {1-0 (46) Bu,X (2707)-Guseinov,G (2592) Doha 2014}) 17. Nc3 Kf8 18. Nd5 a5 {White is slightly better.} 19. h4 {[%cal Bh2h4,Bh4h5][%mdl 32]} Nc5 ({Black should play} 19... a4 $14) 20. h5 Bxd5 21. cxd5 Rb6 22. hxg6 hxg6 23. Rc4 $146 ({Predecessor:} 23. Bxc5 dxc5 24. Rxc5 {1-0 (43) Fogarasi,T (2435)-Kiefhaber,H (2273) Germany 2007}) 23... Rb4 24. Rb1 (24. Bxc5 $5 Rxc4 25. bxc4 dxc5 26. g5 $16) 24... b6 25. g5 e6 26. dxe6 fxe6 27. Rbc1 Ke7 28. Rh1 Kf7 29. Rh7 Kg8 30. Rh4 b5 31. Bxc5 bxc4 32. Bxb4 axb4 33. Bxc4 Rxa2+ $14 {[%mdl 4096] Endgame KRB-KRB} 34. Ke3 Kf7 $1 35. Rh7 Kg8 36. Rh1 {And now Rd1 would win.} Kf7 37. f4 Ra5 38. Rd1 Ke7 39. Kf3 Ra1 40. Rd2 Rh1 41. Ra2 {Hoping for Ra7+.} Ra1 42. Rh2 Kf7 43. Rh7 {[#] Bxe6+! is the strong threat.} Kg8 44. Rh4 {The position is equal.} Kf7 $1 45. f5 gxf5 46. exf5 d5 47. Bd3 {[#] Black must now prevent f6.} exf5 48. Rxb4 Rg1 49. Rb7+ Kg6 50. Rd7 Rxg5 51. Rxd5 Bf8 52. Kf4 Rg4+ 53. Ke5 Bg7+ 54. Ke6 Rd4 55. Bxf5+ Kg5 56. Rb5 Kf4 57. Bg6 Ke3 58. b4 Rf4 59. Bf5 Bc3 {Precision: White = 58%, Black = 72%.} 1/2-1/2

[Event "FIDE Zonal 2.5"]
[Site "Villa Martelli-Vicente Lopez"]
[Date "2017.05.01"]
[Round "3"]
[White "Morovic Fernandez, Ivan"]
[Black "Perez Pietronave, Carlos"]
[Result "1-0"]
[WhiteElo "2527"]
[BlackElo "2214"]
[Annotator "TA"]
[PlyCount "103"]
[EventDate "2017.??.??"]
[EventType "swiss"]
[EventCountry "ARG"]
[SourceTitle "playchess.com"]
[Source "ChessBase"]
[SourceQuality "1"]

{[%evp 9,103,19,27,27,18,16,31,34,29,27,30,15,21,22,29,22,22,8,14,4,6,0,0,0,0,-21,-14,-16,0,-19,0,0,-14,-19,0,-20,18,9,0,-67,-66,-69,-59,-72,41,21,152,56,45,36,37,22,53,68,43,0,0,0,0,0,208,194,194,194,194,194,194,194,245,219,219,219,214,194,324,322,308,296,398,392,362,339,473,426,560,499,586,580,843,838,833,818,799,723,1541,1454]} 1. d4 f5 2. Nc3 d5 3. Bf4 e6 4. e3 Nf6 5. Nf3 Bd6 6. Bd3 {A80: Dutch Defence: Unusual White second moves} (6. Be2 O-O 7. O-O c6 8. Bxd6 Qxd6 9. Na4 Nbd7 10. b3 e5 11. dxe5 Nxe5 12. c4 Be6 13. Nxe5 Qxe5 {½-½ (51) Wang,H (2735)-Radjabov,T (2713) Beijing 2013}) 6... O-O 7. O-O Nc6 8. Ne2 {White is slightly better.} Nb4 9. Bb5 Bd7 10. a4 $146 ({Predecessor (2):} 10. Bxd7 Nxd7 11. c3 Nc6 12. Qd3 Nb6 13. b3 Qe8 14. a4 Kh8 15. a5 Nd7 16. a6 b6 17. c4 Nf6 18. Rfc1 Ne7 19. b4 {1-0 (19) El Debs,F (2507)-Rodriguez Vila,A (2518) Caxias do Sul 2012}) 10... a6 11. Bxd7 Qxd7 12. c3 Nc6 13. b4 Ne4 14. Qd3 h6 15. Rab1 g5 16. Bxd6 cxd6 17. Rfc1 Ne7 18. a5 Rfc8 19. Ne1 Rc4 20. f3 Nf6 21. Nc2 e5 22. Qd2 g4 23. Na3 $36 {[%mdl 2048] Black is under pressure.} Rc7 24. c4 (24. fxg4 $11 Rac8 25. c4) 24... gxf3 $1 $15 25. gxf3 Ng6 26. Kh1 dxc4 (26... e4 $1 $17 27. Nc3 (27. Rg1 Kh7 28. Nc3 exf3 29. Nxd5 Nxd5 30. cxd5 Qe7 $17) 27... exf3) 27. Nxc4 $14 {And now Nb6 would win.} Rac8 (27... Qe6 $11 28. dxe5 dxe5) 28. Nb6 (28. Rg1 $1 $16 {[%cal Rg1g6]} Rxc4 29. Rxg6+ Kf7 30. Rxh6) 28... Rxc1+ 29. Rxc1 Rxc1+ 30. Qxc1 Qc6 31. Qxc6 bxc6 {[%mdl 4096] Endgame KNN-KNN} 32. d5 Ne7 ({Don't play} 32... Nxd5 $6 33. Nxd5 cxd5 34. b5 $1 $16 {[%mdl 512]}) 33. Nc3 cxd5 ({But not} 33... Nexd5 $2 34. Nbxd5 Nxd5 35. Nxd5 $18) 34. b5 axb5 $2 (34... d4 $11 {and Black has nothing to worry.} 35. exd4 exd4) 35. Nxb5 Nc6 {[#]} 36. a6 $1 ({And not} 36. Nxd6 Nxa5 37. Nxf5 Kf8 $11) 36... Kf7 37. Nxd6+ Ke6 38. Nb5 Ne8 (38... Nh5 $142 39. Na4 Ke7) 39. a7 Nxa7 40. Nxa7 Kd6 41. Na4 Kc7 (41... Nc7 $142 42. Kg2 Ne6 43. Nb5+ Kc6) 42. Nb5+ $18 Kc6 43. Nbc3 d4 44. exd4 exd4 45. Ne2 Kd5 46. Nb2 {White is clearly winning.} Nd6 47. Kg2 Kc5 48. Kg3 Nb5 49. Kf4 Nd6 50. Ke5 Nb5 51. Kxf5 Kb4 52. Ke5 {Precision: White = 71%, Black = 49%.} 1-0

[Event "FIDE Zonal 2.5"]
[Site "Villa Martelli-Vicente Lopez"]
[Date "2017.05.01"]
[Round "3"]
[White "Real De Azua, Ernesto"]
[Black "Molina, Pablo Sebastian"]
[Result "1-0"]
[WhiteElo "2478"]
[BlackElo "2239"]
[Annotator "TA"]
[PlyCount "110"]
[EventDate "2017.??.??"]
[EventType "swiss"]
[EventCountry "ARG"]
[SourceTitle "playchess.com"]
[Source "ChessBase"]
[SourceQuality "1"]

{[%evp 13,110,27,30,44,111,106,204,209,216,220,214,212,193,211,173,178,187,147,178,159,153,160,227,204,213,196,219,198,227,128,135,103,118,121,121,106,115,102,111,116,116,116,116,116,114,112,154,151,177,177,177,162,177,177,177,177,289,177,369,380,376,336,287,278,778,783,681,654,1235,1168,1176,1141,1128,1119,1107,1064,996,1077,1028,1001,913,841,3398,3159,1441,1894,4095,2427,4702,4133,5535,5279,29975,29977,29974,29974,29974,29973,29990]} 1. d4 d5 2. c4 dxc4 3. e4 e5 4. Nf3 exd4 5. Bxc4 Nc6 6. O-O Be6 7. Bb5 Bc5 8. b4 {D20: Queen's Gambit Accepted: 3 e3 and 3 e4} Bxb4 {[#]} (8... Bb6 $14) (8... Bb6 9. Bb2 Nge7 10. a4 a6 11. Bxc6+ Nxc6 12. b5 Na5 13. Bxd4 Nb3 14. Bxb6 cxb6 15. Ra3 O-O {1-0 (51) Inarkiev,E (2709)-Borisek,J (2561) Doha 2016}) 9. Qa4 $1 $16 Be7 $146 (9... a5 $16) ({Predecessor:} 9... a5 10. a3 Bd6 11. e5 Bf8 12. Nxd4 Bd7 13. Bxc6 bxc6 14. Nc3 Ne7 15. Re1 Qc8 {1-0 (30) Wagle,D-Burke,M ICCF email 2013}) 10. Nxd4 $1 $18 {White is clearly better.} Bd7 {Strongly threatening ...Nxd4.} 11. Nxc6 ({Weaker is} 11. Bxc6 Bxc6 12. Nxc6 Qd7 $14) 11... bxc6 12. Bxc6 Bxc6 13. Qxc6+ Kf8 14. Nc3 Bd6 15. Be3 Qe8 16. Qc4 Qe6 17. Qd3 Ne7 (17... Nf6 $16 18. f4 Ng4) 18. Nb5 a6 19. Nxd6 Qxd6 20. Qc2 Qe6 21. Qxc7 (21. f4 $18) 21... f6 $16 22. Qb6 Kf7 23. Qxe6+ Kxe6 24. Rab1 Rhb8 25. Bf4 Rxb1 26. Rxb1 {[%mdl 4096] Endgame KRB-KRN} Rc8 27. Rb6+ Rc6 28. Rxc6+ Nxc6 {KB-KN} 29. Kf1 Kd7 30. Ke2 Nd8 31. Kd3 Kc6 32. Kc4 Ne6 33. Be3 h5 34. g3 g6 (34... Nc7 {was necessary.} 35. f4 Nb5) 35. f3 f5 $2 {[#]} (35... Nf8 36. Bd4 f5) 36. exf5 $18 gxf5 37. h4 Kd6 38. Bd2 Nd8 $2 (38... Ke5 39. Bc3+ Kd6 40. Bb4+ Ke5 41. Bc3+ Kd6) 39. Bf4+ Ke6 40. Kc5 Nf7 41. Kb6 Kd7 42. Kxa6 Kc6 43. a4 Nd8 44. Ka5 Ne6 45. Be3 Nc7 46. Bf2 Nd5 47. Bd4 f4 48. gxf4 Nxf4 49. Be3 Ne6 50. Kb4 Ng7 51. Kc4 Nf5 52. Bf2 Kd6 53. a5 {[%cal Ba4a5,Ba5a6][%mdl 32] White mates.} Kc6 54. a6 Nd6+ 55. Kd3 Kd5 {Precision: White = 85%, Black = 38%.} 1-0

[Event "FIDE Zonal 2.5"]
[Site "Villa Martelli-Vicente Lopez"]
[Date "2017.05.02"]
[Round "3"]
[White "Salinas Herrera, Pablo"]
[Black "Peralta, Fernando"]
[Result "0-1"]
[WhiteElo "2453"]
[BlackElo "2565"]
[Annotator "TA"]
[PlyCount "230"]
[EventDate "2017.??.??"]
[EventType "swiss"]
[EventCountry "ARG"]
[SourceTitle "playchess.com"]
[Source "ChessBase"]
[SourceQuality "1"]

{[%evp 22,230,17,0,12,-35,-27,-20,-13,-30,-4,-12,-14,-16,18,6,14,16,23,25,16,-8,-8,-5,0,0,0,0,0,-31,0,-6,-6,-6,-6,-6,-6,-26,-6,-6,-4,-18,0,0,0,-4,0,0,0,0,0,0,0,0,0,-136,-139,-140,-135,-255,-229,-297,-292,-432,-411,-368,-369,-412,-331,-414,-337,-394,-418,-413,-245,-496,-522,-520,-513,-509,-489,-436,-254,-254,-201,-261,-254,-299,-154,-195,-156,-153,-148,-153,-138,-293,-164,-170,-164,-145,-120,-135,0,-120,0,-128,-120,-128,-128,-128,-120,-120,-120,-120,-120,-120,-120,-120,-120,-120,-120,-120,-120,-120,-120,-120,-120,-120,-120,-120,-111,-120,-120,-120,-120,-120,-120,-120,-120,-120,-114,-120,-120,-120,-120,-120,-120,-120,0,-97,0,-117,-106,-145,-130,-145,-143,-145,-146,-155,-156,-297,-284,-282,-201,-208,-213,-212,-207,-29979,-29980,-29966,-10274,-7564,-7527,-6183,-5297,-1889,-1565,-12838,-9285,-11560,-1176,-7539,-5618,-5614,-4668,-2351,-1477,-1968,-1266,-1322,-1167,-1004,-918,-950,-879,-984,-958,-29952,-29953,-29948,-29958,-29967,-29969,-29971,-29972,-29972,-29971,-29976,-29977]} 1. d4 Nf6 2. Nf3 d5 3. c4 e6 4. Nc3 c5 5. e3 cxd4 6. exd4 Bb4 7. cxd5 Nxd5 8. Qc2 Nc6 9. Bd3 Ba5 10. a3 {B14: Caro-Kann: Panov-Botvinnik Attack with 5...e6 and 5...g6} h6 11. O-O O-O 12. Rd1 {LiveBook: 22 Games. The position is equal.} Nce7 13. Bc4 (13. Ne5 Bd7 14. Ne4 Bc7 15. Qe2 Ba4 16. Re1 Nf5 17. Nc5 Nxd4 {1-0 (26) Andreikin,D (2696)-Dreev,A (2711) Baku 2011}) 13... Bd7 14. Ne4 Rc8 {...b5 is the strong threat.} 15. Qe2 $146 ({Predecessor:} 15. Nc5 Rb8 16. Ne5 Be8 17. Qe4 Bc7 {0-1 (48) Begnis,N (2255)-Papaioannou,I (2490) Poros 1998}) 15... Ba4 16. b3 Bc6 17. b4 Bc7 18. b5 Be8 19. a4 Ba5 {[%cal Bc7a5,Ba5b4,Bb4d6][%mdl 32]} 20. Ba3 Bb4 $1 21. Bb2 b6 22. Rac1 f6 23. Ne1 Bf7 24. Nd3 Bd6 $1 25. Bxd5 exd5 26. Rxc8 Nxc8 {[%cal Be7c8,Bc8d6,Bd6c4][%mdl 32]} 27. Nxd6 Nxd6 28. Nb4 Re8 29. Qf3 Nc4 30. Bc3 Re4 31. Re1 Rxe1+ (31... Qe8 $5 {[%cal Re4e1]} 32. Ra1 Qe6 $11) 32. Bxe1 Qe7 $36 {[%cal Re7e1][%mdl 2048] White is under pressure.} 33. Kf1 Qe6 34. Bc3 Kh7 35. h3 Nd6 36. Nc6 Qd7 37. Bb4 Nc4 38. Qf4 (38. Qg4 $11 Be6 39. Qg3) 38... a5 $17 39. Bc3 Bg6 40. Qb8 (40. Qc1 $17 {keeps fighting.}) 40... Bc2 $19 41. Qf8 Bxa4 42. Ne7 (42. Qe7 $142 Qf5 43. Qe1) 42... Qe6 43. Qe8 Nd6 44. Qd8 Bxb5+ ({Much less strong is} 44... Nxb5 45. Bd2 $19) 45. Kg1 Bd7 46. h4 h5 47. Bd2 Nb5 (47... b5 $142 48. Nxd5 Qxd5 49. Qxd7 b4) 48. Be3 $2 (48. Qf8) 48... a4 49. Qf8 {intending Bh6!} Nd6 ({Not} 49... a3 50. Bh6 $1 {[%mdl 512]} gxh6 51. Nf5 $1 $11 {[%mdl 512]}) 50. Bc1 Nf5 51. Nxf5 Qxf5 (51... Qe1+ $142 52. Kh2 Bxf5) 52. Qb4 b5 53. Ba3 Qe4 54. Qe7 Be6 (54... Qxd4 $19 {Hoping for ...Qd1+.} 55. Qxd7 Qa1+ 56. Kh2 Qxa3) 55. Bc5 Bg8 56. f3 Qxh4 {And now ...b4! would win.} 57. Qe8 {[#]} a3 $1 58. Qe2 $2 {[#]} (58. Bxa3 $17 Qxd4+ 59. Kh1) 58... Bf7 (58... b4 $142 $1 {Strongly threatening ...Qf4.} 59. Qd2 (59. Bxb4 Qxd4+) 59... Qg5 60. Bxb4 Qxd2 61. Bxd2 Kg6) 59. Qd3+ Bg6 60. Qxa3 Qe1+ 61. Kh2 Qh4+ 62. Kg1 Qe1+ 63. Kh2 Qd2 64. Qa7 Qf4+ 65. Kh1 Qh4+ 66. Kg1 Qe1+ 67. Kh2 Qe6 68. Qb7 Bd3 69. Bf8 {[%csl Gf8][%cal Rb7g7]} Qg8 70. Bd6 Kg6 71. Qe7 Qf7 72. Qe3 Bc4 73. Qe1 Kh7 74. Kg1 Qg6 75. Kh2 Qf5 76. Qe3 Qd7 77. Bc5 Qc7+ 78. Kg1 Qg3 79. Qe7 Qf4 80. Qe8 Qg5 81. Qe1 Bd3 82. Bd6 h4 83. Kh2 Bf5 84. Qf2 Bd3 85. Qe1 Bf5 86. Qf2 $1 Bd7 87. Kh1 Kg8 88. Bb4 Qc1+ 89. Kh2 Qf4+ 90. Kh1 h3 91. g3 (91. gxh3 $17 Bxh3 92. Qe2) 91... Qc1+ 92. Kh2 Qc4 93. Bc5 b4 94. g4 b3 95. Kxh3 $2 (95. Ba3 $19) 95... Qc1 96. Kg2 b2 (96... Bb5 $142 97. f4 b2 98. Ba3 {[#]} Qf1+ $1 {[%mdl 512]} 99. Qxf1 Bxf1+ 100. Kxf1 b1=Q+ 101. Kf2 Qa2+ 102. Kf3 Qxa3+ 103. Kf2 Qd3 104. f5 Kh7 105. g5 fxg5 106. Kg2 Qe2+ 107. Kg3 g4 108. Kf4 Kh6 109. f6 gxf6 110. Kf5 Kg7 111. Kf4 Qf3#) 97. Ba3 b1=Q {( -> ...Qh1+)} 98. Bxc1 Qxc1 99. Qa2 Qc6 100. Qa7 Kh7 101. Qb8 Qe6 102. Qh2+ Kg8 103. Qb8+ Kf7 104. Kf2 Qc6 105. Qa7 Qd6 106. Kg2 Qe7 107. Qa2 Be6 108. Qd2 Qa7 109. Qf4 Qa2+ 110. Kg1 Qb1+ {Black mates.} 111. Kg2 Qc2+ 112. Kg1 g5 113. Qe3 Bd7 114. Qe1 Qd3 115. Qf2 Bb5 {Precision: White = 54%, Black = 74%.} 0-1